000 00292nam a22001337a 4500
008 170628b xxu||||| |||| 00| 0 eng d
020 _a9780030769801
041 _aeng
080 _24TH
_a82
100 _a21
101 _aGJL
245 _aUNDERSTANDING POETRY
_cBROOKS,C
942 _2udc
_cBK
999 _c19369
_d19369